| 000 | 00566nam a2200205 a 4500 | ||
|---|---|---|---|
| 005 | 20240924071218.0 | ||
| 008 | 030527s1998 mx r 000 0 spa d | ||
| 020 | _a8420790044 | ||
| 035 | _aUPN01000124660 | ||
| 049 | _aI | ||
| 050 | 4 |
_aPZ7 _bX5.5 |
|
| 100 | 1 | _aXirinacs, Olga | |
| 245 | 1 | 0 |
_aMariana y caballito de mar / _cOlga Xirinacs ; il. de Asuna Balzola. |
| 260 |
_aMadrid : _bAnaya, _c1998. |
||
| 300 |
_a70 p. _bil. |
||
| 440 | 0 |
_aSopa de libros ; _v24 |
|
| 650 | 4 |
_aLiteratura infantil _94445 |
|
| 650 | 4 |
_aCuentos infantiles _96744 |
|
| 905 | _aInfantil | ||
| 999 |
_c96839 _d96839 |
||